Eyes : and their cares
| Main Author: | |
|---|---|
| Format: | Book |
| Published: |
London :
Franklin Watts ,
1990
|
| Series: | Feeling good
|
| Subjects: |
MARC
| LEADER | 00000cam a2200000 7i4500 | ||
|---|---|---|---|
| 001 | 0000002623 | ||
| 002 | 000002850 | ||
| 005 | .0 | ||
| 020 | |a 0749601779 | ||
| 090 | 0 | 0 | |a JR 030 |b FEE |
| 100 | 1 | |a Ward, Brian | |
| 245 | 1 | 0 | |a Eyes : |b and their cares |c Brian Ward |
| 260 | |a London : |b Franklin Watts , |c 1990 | ||
| 300 | |a 32p. : |b ill. ; |c 27cm. | ||
| 490 | 0 | |a Feeling good | |
| 650 | 0 | 0 | |a Eyes |x Juvenile literature |
| 999 | |a 036126 |b BUKU |c JUNIOR REFERENCE |e PERPUSTAKAAN KOMUNITI PETALING JAYA | ||